Natura. Étude sémantique et historique du mot latin
保存先:
| 第一著者: | |
|---|---|
| フォーマット: | 図書 |
| 言語: | フランス語 |
| 出版事項: |
París
Universitaires de France
1966
|
| シリーズ: | Publications de la Faculté des Lettres et Sciences Humaines de l'Université de Montpellier, 27
|
| 主題: | |
| タグ: |
タグ追加
タグなし, このレコードへの初めてのタグを付けませんか!
|
MARC
| LEADER | 00000nam a2200000 a 4500 | ||
|---|---|---|---|
| 001 | UCR1706 | ||
| 003 | CL-VaPUC | ||
| 008 | 971219e19660000FR |||||||||||||||||fre|d | ||
| 082 | 0 | 4 | |a 472 |b PEL |2 21 |
| 100 | 0 | |a Pellicer, André |e author |9 399080 | |
| 245 | 1 | 0 | |a Natura. Étude sémantique et historique du mot latin |
| 300 | |a 521 p | ||
| 942 | |c BK | ||
| 945 | |d 19971219 00:00:00 |a aolguin | ||
| 260 | |a París |b Universitaires de France |c 1966 | ||
| 650 | 7 | |a NATURA |2 CL-VaPUC |9 399081 | |
| 650 | 0 | |a Latín |9 269544 | |
| 650 | 0 | |a Historia |9 255047 | |
| 650 | 0 | |a Semántica |9 265318 | |
| 650 | 0 | |a Etimología |9 337976 | |
| 650 | 7 | |a TEXTOS GRIEGOS |2 CL-VaPUC |9 399082 | |
| 583 | |a last modification |c 19971219 00:00:00 |k Rodrigo Vera | ||
| 490 | 0 | |a Publications de la Faculté des Lettres et Sciences Humaines de l'Université de Montpellier, 27 | |
| 999 | |c 265073 |d 265071 | ||
| 952 | |0 0 |1 0 |4 0 |6 472_000000000000000_PEL_1966 |7 0 |8 DER_ROM |9 295862 |a BIBDER |b BIBDER |d 2019-11-20 |i 1918656 |o 472 PEL 1966 |p 1918656 |r 2023-01-25 |w 2019-11-20 |x Ubicación 4to piso |y BK |z Este recurso debe solicitarse con anticipación |k DER | ||